|
|
|
|
| LEADER |
00000nam0a2200000 4500 |
| 001 |
48392 |
| 005 |
20231031031458.0 |
| 035 |
|
|
|a (RuTPU)RU\TPU\book\50688
|
| 090 |
|
|
|a 48392
|
| 100 |
|
|
|a 20030317d1986 k y0rusy50 ca
|
| 101 |
0 |
|
|a rus
|
| 102 |
|
|
|a RU
|
| 105 |
|
|
|a a z 001zy
|
| 200 |
1 |
|
|a Тиристорные преобразователи напряжения для асинхронного электропривода
|f Л. П. Петров, О. А. Андрющенко, В. И. Капинос и др.
|
| 210 |
|
|
|a Москва
|c Энергоатомиздат
|d 1986
|
| 215 |
|
|
|a 200 с.
|c ил.
|
| 320 |
|
|
|a Библиогр.: с. 195-197.
|
| 610 |
1 |
|
|a электроприводы асинхронные
|
| 610 |
1 |
|
|a тиристорные преобразователи
|
| 610 |
1 |
|
|a напряжение
|
| 610 |
1 |
|
|a автоматизированный электропривод
|
| 610 |
1 |
|
|a двигатели
|
| 610 |
1 |
|
|a скорость
|
| 610 |
1 |
|
|a управление
|
| 675 |
|
|
|a 62-83-523
|v 3
|
| 701 |
|
1 |
|a Петров
|b Л. П.
|g Лев Поликарпович
|
| 701 |
|
1 |
|a Андрющенко
|b О. А.
|g Олег Андреевич
|
| 701 |
|
1 |
|a Капинос
|b В. И.
|g Владимир Иванович
|
| 701 |
|
1 |
|a Подлозов
|b Р. Г.
|g Ричард Георгиевич
|
| 701 |
|
1 |
|a Херунцев
|b П. Э.
|g Павел Эдуардович
|
| 801 |
|
1 |
|a RU
|b 63413507
|c 20030317
|g PSBO
|
| 801 |
|
2 |
|a RU
|b 63413507
|c 20141120
|g PSBO
|
| 942 |
|
|
|c BK
|